Cambodia a better investment climate to sustain growth : (Record no. 15140)

000 -LEADER
fixed length control field 00674cam a2200181 a 4500
040 ## - CATALOGING SOURCE
Transcribing agency DLC
082 ## - DEWEY DECIMAL CLASSIFICATION NUMBER
Classification number 332 POV 2009 A073 Or.
245 00 - TITLE STATEMENT
Title Cambodia a better investment climate to sustain growth :
Remainder of title second investment climate assessment.
260 ## - PUBLICATION, DISTRIBUTION, ETC. (IMPRINT)
Place of publication [Phnom Penh] :
Name of publisher Poverty Reduction and Economic Management Sector Unit, East Asia and Pacific Region, The World Bank :
Year of publication 2009.
300 ## - PHYSICAL DESCRIPTION
Number of Pages xiv, 85 leaves :
Other physical details col. ill., col. map ;
Dimensions 30 cm.
500 ## - GENERAL NOTE
General note "April 2009."
500 ## - GENERAL NOTE
General note "Report no. 49371-KH."
650 #0 - SUBJECT ADDED ENTRY--TOPICAL TERM
Topical Term Investments, Foreign
650 #0 - SUBJECT ADDED ENTRY--TOPICAL TERM
Topical Term Sustainable development
710 2# - ADDED ENTRY--CORPORATE NAME
Corporate name or jurisdiction name as entry element World Bank.
710 2# - ADDED ENTRY--CORPORATE NAME
Corporate name or jurisdiction name as entry element International Finance Corporation.
942 ## - ADDED ENTRY ELEMENTS (KOHA)
Koha item type សៀវភៅភាសាអង់គ្លេស
952 ## - LOCATION AND ITEM INFORMATION (KOHA)
Withdrawn status [LOCAL, KOHA] 0
Holdings
Permanent Location Date acquired Koha item type Lost status Shelving location Barcode Current Location Full call number
Library Block A2017-11-10សៀវភៅភាសាអង់គ្លេស A073A07089Library Block A332 POV 2009 A073 Or.
មជ្ឈមណ្ឌលឯការនៃសាកលវិទ្យាល័យភូមិន្ទកសិកម្មចំការដូង

Powered by Koha